Names Hidden in Countries #2 - Statistics

General Stats
  • This quiz has been taken 40 times
    5 since last reset
  • The average score is 6 of 10
Answer Stats
Hint Answer % Correct
Lost Boy Peter who resides in Neverland JaPAN / PANama
100%
Simba's uncle in "The Lion King" madagaSCAR
100%
Lisa, the subject of the most famous portrait in history MONAco
100%
One-named singer known for her modern Celtic music kENYA
80%
Trotsky who embraced Marxism during the Russian Civil War sierra LEONe
60%
Musician Gershwin who was the first lyicist to be awarded a Pulitzer Prize IRAn / IRAq / united arab emIRAtes
40%
Actress Fisher who is married to Sacha Baron Cohen marshall ISLAnds / solomon ISLAnds
40%
Barack Obama's oldest daughter soMALIA
40%
Singer Ora whose debut album debuted at number one in the UK mauRITAnia
20%
Model and actress Delevingne niCARAgua
20%
No matching quizzes found
Score Distribution
Percent of People with Each Score
Percentile by Number Answered
Your Score History
You have not taken this quiz since the last reset